<?xml version="1.0" encoding="UTF-8"?>
<record
    xmlns:xsi="http://www.w3.org/2001/XMLSchema-instance"
    xsi:schemaLocation="http://www.loc.gov/MARC21/slim http://www.loc.gov/standards/marcxml/schema/MARC21slim.xsd"
    xmlns="http://www.loc.gov/MARC21/slim">

  <leader>01829nab a2200277 ab4500</leader>
  <controlfield tag="005">20260702135509.0</controlfield>
  <controlfield tag="008">260604b2025    sp tr poo|    0   0 spa d</controlfield>
  <controlfield tag="003"></controlfield>
  <datafield tag="040" ind1=" " ind2=" ">
    <subfield code="a">MX-MxUPN</subfield>
    <subfield code="b">spa</subfield>
    <subfield code="c">MX-MxUPN</subfield>
    <subfield code="e">aacr2</subfield>
  </datafield>
  <datafield tag="100" ind1="1" ind2=" ">
    <subfield code="a">Lara de la Fuente, Daniel</subfield>
    <subfield code="9">60195</subfield>
  </datafield>
  <datafield tag="100" ind1="1" ind2=" ">
    <subfield code="a">Arias Maldonado, Manuel</subfield>
    <subfield code="9">60196</subfield>
  </datafield>
  <datafield tag="245" ind1="1" ind2="1">
    <subfield code="a">Imaginarios sociales y transici&#xF3;n ecol&#xF3;gica :</subfield>
    <subfield code="b">el plan Espa&#xF1;a 2050</subfield>
    <subfield code="h">[recurso electr&#xF3;nico en l&#xED;nea]</subfield>
  </datafield>
  <datafield tag="506" ind1="0" ind2=" ">
    <subfield code="a">Acceso abierto</subfield>
  </datafield>
  <datafield tag="520" ind1="3" ind2=" ">
    <subfield code="a">Si la sostenibilidad medioambiental juega un papel creciente en la agenda pol&#xED;tica de la Uni&#xF3;n Europea, el plan Espa&#xF1;a 2050, publicado en el a&#xF1;o 2021, fij&#xF3; las bases discursivas de la Espa&#xF1;a sostenible. Este art&#xED;culo elucida cu&#xE1;l es ese ideal. Para ello, recurrimos al an&#xE1;lisis del discurso: rastreamos la presencia en el texto de las categor&#xED;as, conceptos y met&#xE1;foras que componen un relato acerca de las causas y las soluciones de los problemas de sostenibilidad. Los resultados sugieren una visi&#xF3;n ecl&#xE9;ctica de la sostenibilidad. El documento es favorable al ideal discursivo reformista, si bien establece pautas de restricci&#xF3;n de la actividad humana correspondientes a discursos medioambientales survivalistas y decrecentistas. En t&#xE9;rminos pr&#xE1;cticos, este eclecticismo discursivo supone una concepci&#xF3;n pluralista de la sostenibilidad. </subfield>
    <subfield code="c">REIS</subfield>
  </datafield>
  <datafield tag="653" ind1=" " ind2=" ">
    <subfield code="a">Imaginario social</subfield>
  </datafield>
  <datafield tag="653" ind1=" " ind2=" ">
    <subfield code="a">Sostenibilidad</subfield>
  </datafield>
  <datafield tag="653" ind1=" " ind2=" ">
    <subfield code="a">Modernizaci&#xF3;n ecol&#xF3;gica</subfield>
  </datafield>
  <datafield tag="653" ind1=" " ind2=" ">
    <subfield code="a">Ecomodernismo</subfield>
  </datafield>
  <datafield tag="653" ind1=" " ind2=" ">
    <subfield code="a">Discurso</subfield>
  </datafield>
  <datafield tag="653" ind1=" " ind2=" ">
    <subfield code="a">Decrecimiento</subfield>
  </datafield>
  <datafield tag="773" ind1=" " ind2=" ">
    <subfield code="g">No. 193 (2025), p. 70-88</subfield>
    <subfield code="t">REIS: revista espa&#xF1;ola de investigaciones sociol&#xF3;gicas</subfield>
    <subfield code="x">1988-5903</subfield>
  </datafield>
  <datafield tag="856" ind1="4" ind2=" ">
    <subfield code="u">https://reis.cis.es/index.php/reis/article/view/2513</subfield>
  </datafield>
  <datafield tag="856" ind1="4" ind2=" ">
    <subfield code="u">https://reis.cis.es/index.php/reis/article/view/2513/3073</subfield>
  </datafield>
  <datafield tag="902" ind1=" " ind2=" ">
    <subfield code="a">Leonor Sotres/020726</subfield>
  </datafield>
  <datafield tag="942" ind1=" " ind2=" ">
    <subfield code="c">ART-E</subfield>
  </datafield>
  <datafield tag="952" ind1=" " ind2=" ">
    <subfield code="0">0</subfield>
    <subfield code="1">0</subfield>
    <subfield code="4">0</subfield>
    <subfield code="7">0</subfield>
    <subfield code="8">CAA</subfield>
    <subfield code="a">BCUPN50</subfield>
    <subfield code="b">BCUPN50</subfield>
    <subfield code="c">ENL</subfield>
    <subfield code="d">2026-07-02</subfield>
    <subfield code="l">0</subfield>
    <subfield code="r">2026-07-02 13:55:31</subfield>
    <subfield code="u">https://reis.cis.es/index.php/reis/article/view/2513/3073</subfield>
    <subfield code="w">2026-07-02</subfield>
    <subfield code="y">ART-E</subfield>
  </datafield>
  <datafield tag="999" ind1=" " ind2=" ">
    <subfield code="c">215493</subfield>
    <subfield code="d">215493</subfield>
  </datafield>
</record>
